| 000 | 00580nam a22001817a 4500 | ||
|---|---|---|---|
| 005 | 20140922150206.0 | ||
| 010 | _aENG-110883 | ||
| 020 |
_a9789351431503 _c495.00 |
||
| 035 | _aEN-94415 | ||
| 037 | _bDBAD/PUB | ||
| 100 | _aVenkatesan, V. | ||
| 245 |
_aConstitutional conundrums : _cby V. Venkatesan _bchallenges to India's democratic process / |
||
| 260 |
_aGurgaon _bLexis Nexis _c2014 |
||
| 270 |
_a14th Floor, Building No.10, Tower-B, DLF Cyber City, Phase-II _bGurgaon _e122002 |
||
| 300 |
_axxix,419p. _c23cm(pbk) |
||
| 490 | _aCross currents series | ||
| 942 |
_2ddc _cEN _mVEN |
||
| 999 |
_c88715 _d88715 |
||